Don't Hug Me I'm Scared 2 Lyrics - Statistics

General Stats
  • This quiz has been taken 254 times
    251 since last reset
  • The average score is 323 of 498
Answer Stats
Lyrics % Correct
a
97%
A
97%
I
97%
time.
95%
time
95%
Time
95%
time?
95%
do
92%
do.
92%
We
92%
we
92%
is
91%
Is
91%
on
91%
on.
91%
the
91%
The
91%
it
90%
It
90%
to
90%
to.
90%
you
89%
What?
87%
What
87%
what
87%
be
86%
go
85%
go.
85%
go?
85%
so
85%
bath.
84%
have
84%
your
84%
does
83%
Does
83%
It's
83%
it's
83%
nine.
83%
nine
83%
We're
82%
An
81%
can
81%
doesn't
81%
future
81%
future.
81%
our
81%
past
81%
Scrub
81%
scrub
81%
show
81%
show.
81%
'til
81%
wrist.
81%
wear
80%
already
79%
brown.
79%
clean.
79%
mean?
79%
tool
79%
wall
79%
us.
78%
us
78%
and
77%
And
77%
exist.
77%
only
77%
or
77%
put
77%
quarter
77%
that?
77%
that
77%
There
77%
water's
77%
What's
77%
behind
76%
Going
76%
going
76%
Come
74%
don't
74%
Don't
74%
far
74%
journey.
74%
journey
74%
all
72%
in
72%
Let's
72%
like
72%
Like
72%
miss
72%
my
72%
My
72%
But
71%
but
71%
I'm
71%
not
71%
for
70%
round
70%
round.
70%
real?
69%
stop
69%
stop?
69%
stop.
69%
around.
68%
one
68%
There's
68%
day.
67%
through
67%
merry
66%
That's
66%
that's
66%
want
66%
really
65%
fast
64%
way.
64%
With
64%
with
64%
Who
63%
friends.
62%
friends
62%
Watch
62%
backwards
61%
old
61%
mucking
60%
changing
59%
five
59%
guys
59%
of
59%
song.
59%
stupid
59%
always
58%
dad.
58%
dad
58%
minutes
58%
ruler
58%
until
57%
clock.
56%
computer.
56%
enough
54%
fish
54%
Fish
54%
times.
54%
time's
54%
Victorian
54%
measure
53%
cobbles
52%
look
52%
Look
52%
out
52%
slime.
50%
died.
48%
now.
48%
Now
48%
rot
48%
when
48%
anymore.
46%
apple
46%
tree
46%
make
45%
Make
45%
plate.
45%
things
45%
at
44%
Oh.
44%
over
44%
run
44%
even
43%
everywhere.
43%
core.
41%
eight.
41%
has
41%
place
41%
This
40%
you're
40%
am
39%
cool.
39%
inside.
39%
man
39%
speaking
39%
tray.
38%
birthdays.
37%
camping.
37%
circles
37%
fun.
37%
history.
37%
human
37%
know?
37%
sun
37%
then
37%
chimneys
36%
fresh
36%
by
35%
by.
35%
anyone
34%
got
34%
having
34%
mystery.
34%
new
34%
rhymes.
34%
ripe
34%
where
34%
batteries
33%
change?
33%
Everything's
33%
just
33%
older
33%
thirty.
33%
how
32%
into
32%
simpler
32%
from
31%
hair
31%
went
31%
construct
30%
everyone
30%
flies
30%
illusion
30%
important
30%
Stuff
30%
twenty
30%
will
30%
start?
29%
strange
29%
wonderful
29%
grow.
28%
hands.
28%
If
28%
Isn't
28%
moon
28%
perception.
28%
runs
28%
appearance
27%
hay.
27%
pizza.
27%
see
27%
after
26%
did
26%
email
26%
importance
26%
line.
26%
makes
26%
olden
26%
smell
26%
days?
25%
happened
25%
keeps
25%
Maybe
25%
night
25%
shriveled
25%
eventually
24%
seasons.
24%
told
23%
twelve.
23%
eleven
22%
helps
22%
anew.
21%
created
21%
gadgets
21%
gizmos
21%
Meh.
21%
MEH.
21%
addresses.
20%
sunset
20%
fine.
19%
Sunrise
19%
sure
19%
you'll
19%
worry.
18%
sawdust
17%
plague
16%
Nnh.
1%
EENGH.
0%
No matching quizzes found
Score Distribution
Percent of People with Each Score
Percentile by Number Answered
Your Score History
You have not taken this quiz since the last reset